=LDR 00000nam 2200000 4500 =001 000419 =005 20250710034252 =035 ##$$a 0010-0725000281 =007 ta =008 250710################a##########0#ind## =020 ##$$a 978-623-307-939-6 =082 ##$$a 398.209 598 =084 ##$$a 398.209 598 SHA a =100 #$$a Sharma, Chanchal =245 1#$$a Ali /$c Chanchal Sharma =250 ##$$a Cetakan Pertama =260 ##$$a Jakarta :$b Badan Pengembangan dan Pembinaan Bahasa,$c 2022 =300 ##$$a 16 hlm. : $b ilus. ; $c 22,9 cm =650 #4$$a CERITA ANAK INDONESIA-TERJEMAHAN =650 #4$$a LITERASI-BAHAN BACAAN =990 ##$$a TBM01430143